<?xml version="1.0" encoding="UTF-8"?>
<marc:record xmlns:marc="http://www.loc.gov/MARC21/slim">
   <marc:leader>00000nam a2200000 a 4500</marc:leader>
   <marc:datafield ind1="0" ind2="0" tag="245">
      <marc:subfield code="a">Das magische Wettrennen - Sternenschweif</marc:subfield>
   </marc:datafield>
   <marc:datafield ind1="0" ind2="0" tag="245">
      <marc:subfield code="b">Ab 6 Jahren. - Für 2 bis 4 Spieler. - Spieldauer: ca. 25 Min.</marc:subfield>
   </marc:datafield>
   <marc:datafield ind1=" " ind2="1" tag="264">
      <marc:subfield code="a">Stuttgart</marc:subfield>
      <marc:subfield code="b">Kosmos Verlag</marc:subfield>
      <marc:subfield code="c">2013</marc:subfield>
   </marc:datafield>
   <marc:datafield ind1="1" ind2=" " tag="520">
      <marc:subfield code="a">Begib dich in Arkadia auf die magischen Spuren der Einhörner. Mit etwas Magie und Würfelglück bist du vielleicht die erste Einhornfreundin, die es schafft ihre vier Einhörner nach Hause in den Stall zu bringen und das Spiel zu gewinnen. Die Rückseite des Spielplans sorgt mit zwei Zusatzregeln für noch mehr magischen Spielspaß.</marc:subfield>
   </marc:datafield>
   <marc:datafield ind1="0" ind2=" " tag="490">
      <marc:subfield code="v">0</marc:subfield>
   </marc:datafield>
</marc:record>
